Cultura ciudadana: jóvenes informados, responsables y participativos para el Chile actual
Guardat en:
| Altres autors: | |
|---|---|
| Format: | Llibre |
| Idioma: | espanyol |
| Publicat: |
Santiago
Ocho Libros Editores
2012
|
| Edició: | 1a. ed |
| Matèries: | |
| Etiquetes: |
Afegir etiqueta
Sense etiquetes, Sigues el primer a etiquetar aquest registre!
|
MARC
| LEADER | 00000cam a2200000 a 4500 | ||
|---|---|---|---|
| 001 | UCF8265 | ||
| 003 | CL-VaPUC | ||
| 008 | 130808e20121100cl |||||||||||||||||spa|d | ||
| 020 | |a 9789563351156 | ||
| 082 | 0 | 4 | |a 321.8 |b MAT |2 21 |
| 100 | |a Matus, Álvaro |e editor |9 570372 | ||
| 245 | 1 | 0 | |a Cultura ciudadana: jóvenes informados, responsables y participativos para el Chile actual |
| 250 | |a 1a. ed | ||
| 300 | |a 327 p | ||
| 942 | |c BK | ||
| 945 | |d 20130808 11:32:00 |a dcastane | ||
| 260 | |a Santiago |b Ocho Libros Editores |c 2012 | ||
| 650 | 0 | |a Democracia |9 255256 | |
| 650 | 7 | |a CULTURA CIVICA |2 CL-VaPUC |9 453108 | |
| 650 | 0 | |a Jóvenes |9 326981 | |
| 650 | 0 | |a Participación ciudadana |9 330304 | |
| 650 | 0 | |a Cultura política |9 257401 | |
| 583 | |a last modification |c 20130808 11:32:00 |k Rodrigo Vera | ||
| 999 | |c 352885 |d 352883 | ||